000
00319nam a2200133Ia 4500
005
20260328104302.0
008
260328s9999||||xx |||||||||||||| ||und||
100
_a
Maffre, Jean Jacques
245
0
_a
El Arte Griego /
_c
Jean Jacques Maffre
260
_b
Paidós
300
_a
63 p.
650
_a
HISTORIA
942
_c
BK
999
_c
10641
_d
10641